00967nam a2200265 a 4500001001000000005001700010008004100027020001500068040001300083050002100096100003000117245005500147260005500202300003200257500003300289500004200322504002800364650005000392650006100442651005900503902000800562942001100570999001500581952010500596BRCA_176520190320203536.0941020s1994 mx-a---##b---#001-0#spa-# a9686084738 aDLCcDLC 4aF1231b.O79 19941 aOrtiz Lajous, Jaime9391110aCiudades coloniales mexicanascJaime Ortiz Lajous. aMéxicobAzabache : Secretaría de Turismoc1994 a190 p.bil. a colorc31 cm. aIncluye índice de ciudades aColección Sonia Corcuera de Mancera aBibliografía : p. 18714aCiudades colonialesxHistoriazMéxico9550014aCiudades colonialesxTrabajos IlustradoszMéxico95501 4aMéxicoxHistoriayColonia española, 1540-18109394 aDSC 2lcccB c1548d1548 00104070aBRCAbBRCAd2008-06-27l0oF1231 .O79 1994pDSC00015r2019-03-22 00:00:00w2019-03-22yB